MCU Cast as Kids - Statistics

General Stats
  • This quiz has been taken 35 times
  • The average score is 15 of 28
Answer Stats
Picture Answer % Correct
Robert Downey Jr
93%
Scarlett Johansson
93%
Chris Evans
86%
Chris Hemsworth
75%
Elizabeth Olsen
75%
Jeremy Renner
75%
Chadwick Boseman
71%
Mark Ruffalo
71%
Zendaya
71%
Tom Holland
68%
Anthony Mackie
64%
Chris Pratt
61%
Samuel L Jackson
61%
Benedict Cumberbatch
57%
Paul Rudd
57%
Natalie Portman
54%
Tom Hiddleston
54%
Zoe Saldana
54%
Don Cheadle
50%
Brie Larson
36%
Paul Bettany
36%
Josh Brolin
32%
Sebastian Stan
29%
Cobie Smulders
21%
Gwyneth Paltrow
21%
Stan Lee
18%
Aaron Taylor Johnson
14%
Vin Diesel
14%
No matching quizzes found
Score Distribution
Percent of People with Each Score
Percentile by Number Answered
Your Score History
You have not taken this quiz